Deutschland - Grundwissen und mehr ... : Connaître et comprendre l'Allemagne (notice n° 2084731)
[ vue normale ]
| 000 -LEADER | |
|---|---|
| fixed length control field | 01376cam a2200133 4500500 |
| 005 - DATE AND TIME OF LATEST TRANSACTION | |
| control field | 20260405005546.0 |
| 041 ## - LANGUAGE CODE | |
| Language code of text/sound track or separate title | fre |
| 042 ## - AUTHENTICATION CODE | |
| Authentication code | dc |
| 100 10 - MAIN ENTRY--PERSONAL NAME | |
| Personal name | Padberg-Jeanjean, Gabriele |
| Relator term | author |
| 245 00 - TITLE STATEMENT | |
| Title | Deutschland - Grundwissen und mehr ... : Connaître et comprendre l'Allemagne |
| 260 ## - PUBLICATION, DISTRIBUTION, ETC. | |
| Name of publisher, distributor, etc. | Armand Colin,<br/> |
| Date of publication, distribution, etc. | 2018.<br/> |
| 520 ## - SUMMARY, ETC. | |
| Summary, etc. | Comprendre et connaître l’Allemagne d’aujourd’hui, telle est l’ambition de cet ouvrage. Rédigé dans un allemand contemporain, accessible, complété par des points de vocabulaire et des synthèses en français, ce manuel présente la civilisation allemande en trois axes : • les grands repères historiques et culturels ; • les structures politiques, sociales et économiques ; • les principaux débats actuels. L’ouvrage intègre la dimension interculturelle franco-allemande et contient de nombreux documents (tableaux, cartes et photos), ainsi que des annexes qui facilitent le travail et l’apprentissage autonome. Destiné plus particulièrement aux élèves des classes préparatoires, aux étudiants en LEA et LCE, ce livre s’adresse aussi à tous ceux qui s’intéressent à la langue et la culture allemandes. Cette deuxième édition a été entièrement revue et mise à jour. |
| 856 41 - ELECTRONIC LOCATION AND ACCESS | |
| Uniform Resource Identifier | <a href="https://shs.cairn.info/deutschland-grundwissen-und-mehr--9782200623555?lang=fr&redirect-ssocas=7080">https://shs.cairn.info/deutschland-grundwissen-und-mehr--9782200623555?lang=fr&redirect-ssocas=7080</a> |
Pas d'exemplaire disponible.




Réseaux sociaux